| 000 | 00476nam a2200157 i 4500 | ||
|---|---|---|---|
| 001 | 60176 | ||
| 003 | ES-MaACL | ||
| 005 | 20230906164153.0 | ||
| 007 | t| | ||
| 008 | 031103s1921 it ||||1| ita d | ||
| 245 | 0 | 0 |
_aEros _b: il libro d'amore della poesia greca / _ctraduzioni pretiche di Ettore Bignone. |
| 260 |
_aTorino : _b[s.n., _c1921] ( _fSilvestrelli & Cappelletto) |
||
| 300 |
_a304 p. ; _c21 cm. |
||
| 700 | 1 |
_aBignone, Ettore. _928842 |
|
| 852 |
_aES-MaACL _jF-10485 |
||
| 999 |
_c60176 _d60176 |
||